000 00727nam a2200241 i 4500
001 C2-0284255
003 PPAK
005 20180728014138.0
008 071130s2004 my a|||| ||||| | zxx d
020 _a9838474452
040 _aPPAK
_beng
_cPPAK
_erda
082 0 4 _a423
_223
090 0 0 _a423
_bNAN
_dG
100 1 _aNandy, Milon,
_eauthor
245 1 2 _aA dictionary of common Idioms - Kamus pengkayaan Idiom :
_bDwibahasa Inggeris-Melayu
264 1 _aKepong, Selangor :
_bBuku Must ,
_c2004
300 _a78 pages :
_billustrations ;
_c21 cm
336 _2rdacontent
_atext
337 _2rdamedia
_aunmediated
338 _2rdacarrier
_avolume
650 1 0 _aEnglish language - Idioms - Dictionaries.
942 _ddc
_cB
999 _c90233
_d90233